Potrawy z wigilijnego stołu - Statystyki

Ogólne statystyki
  • Ten quiz został rozwiązany 126 razy
  • Średni wynik to 6 z 17
Statystyki odpowiedzi
Odpowiedź % Poprawnych
1 Barszcz
96%
5 Karp
89%
4 Pierogi z kapustą i grzybami
62%
9 Kutia
60%
2 Uszka
55%
6 Ryba po grecku
53%
** Zupa grzybowa
53%
12 Kompot z suszu
45%
* Opłatek
37%
11 Piernik
23%
7 Śledzie w śmietanie
9%
8 Sałatka warzywna
7%
10 Makownik
2%
3 Pierogi ukraińskie
2%
** Ciastka korzenne
0%
* Owoce
0%
* Wódeczka
0%
Nie znaleziono quizów pasujących do podanych kryteriów
Rozkład punktacji
Procent ludzi z każdym wynikiem
Percentyl według liczby udzielonych odpowiedzi
Twoja historia wyników
Nie rozwiązałeś tego quizu